000
00334nam a2200133Ia 4500
005
20251222142006.0
008
251222s9999||||xx |||||||||||||| ||spa||
020
_a
84-7774-123-9
082
_a
371.001/D64
100
_a
Devís Devís, José
245
0
_a
Educación Física, Deporte y Currículum:
264
_b
Visor
942
_c
LIB
999
_c
10161
_d
10161